KingEureka's Ultimate Trivia Quiz #1 - Statistics

General Stats
  • This quiz has been taken 207 times
  • The average score is 4 of 10
Answer Stats
Answer % Correct
Panama Canal
68%
{Sears} Tower
65%
Taiwan
60%
Pakistan
59%
Chiang Kai Shek
44%
{Willis} Tower
41%
Newton
25%
Muhammad Ali Jinnah
20%
JetPunk
13%
New {Moore} Island
9%
No matching quizzes found
Score Distribution
Percent of People with Each Score
Percentile by Number Answered
Your Score History
You have not taken this quiz